| 000 | 00784nam a2200229 i 4500 | ||
|---|---|---|---|
| 001 | bg | ||
| 245 | 0 | 0 |
_aNatura - odnawialne źródła energii. _nZ. 13 / _c[pod red. Adama Małeckiego] ; Polskie Towarzystwo Przyjaciół Nauk. Oddział Ziemi Lubuskiej. |
| 260 |
_aZielona Góra : _bPolskie Towarzystwo Przyjaciół Nauk o Ziemi, _c2006. |
||
| 300 |
_a259 s. : _bil. ; _c24 cm. |
||
| 500 | _aTekst częś. ang., niem. Streszcz. przy pracach. | ||
| 504 | _aBibliogr. przy pracach. | ||
| 650 | 9 | _aOdnawialne źródła energii | |
| 650 | 9 | _aBiomasa | |
| 700 | 1 |
_aMAŁECKI, Adam. _eRed. |
|
| 020 | _a8388609130 | ||
| 040 | _cBPK | ||
| 041 | w | _apolengger | |
| 080 | _a502.17:620.91:628.477 | ||
| 920 | _a83-88609-13-0 | ||
| 942 | _cKS | ||
| 008 | s pl f |000 0 pol | ||
| 999 |
_c53663 _d53663 |
||
| 856 |
_uhttp://koha.tu.koszalin.pl/cgi-bin/koha/opac-detail.pl?biblionumber=53663 _yKatalog online BPK |
||